000 00552nam a22001937a 4500
999 _c2864
_d2864
003 AR-CdUCM
008 190227b ||||| |||| 00| 0 spa d
040 _aMUNICIPALIDAD PROVINCIAL DEL CUSCO
_cBIBLIOTECA MUNICIPAL DEL CUSCO
082 _a869.56 /
_bH48
100 _aHidalgo, Alberto
_95809
245 _aOda a Stalin /
_cAlberto Hidalgo
260 _aBuenos Aires :
_bEl Martillo,
_c1945.
300 _a62 páginas ;
_c20 cm.
650 _aStalin
_95859
650 _aLiteratura
_983
650 _aRusia
_9499
942 _2ddc
_cLIBROS
945 _arac